000 00893nam a2200205 4500
001 157391
003 ES-MaACL
005 20251011131939.0
008 950330s1820 fr |||| | spa d
040 _aEUS
_bspa
_cEUS
245 0 0 _aLecciones de filosofía moral y elocuencia ó Colección de los trozos más selectos de poesía, elocuencia, historia, religión... /
_cpuestas en orden por Josef Marchena.
260 _aBurdeos :
_b[s.n.],
_c1820 (
_fImprenta de Pedro Beaume)
300 _a2 v. (CXLVII, 460; 656 p.) ;
_c20 cm.
650 7 _aÉtica
_2embne
_912577
650 7 _aMoral cristiana
_2embne
_9142371
700 1 _aMarchena, José,
_d1768-1821
_ecomp.
_9222782
752 _aFrancia -
_dBurdeos
852 _aES-MaACL
_jG-10260
_z-- Enc. hol.
_q-- Sólo T. II
_x-- Edic.: corregir encabezamiento, debe entrar por el tít. -- T. II (656 p.)
999 _c157391
_d157391